| 000 | 00000nam##2200000za#4500 |
| 001 | 9.647200 |
| 003 | CaOODSP |
| 005 | 20200401055648 |
| 007 | ta |
| 008 | 150407|1998||||xxc||||| f|0| 0 eng|d |
| 020 | |a0-662-27428-8 |
| 040 | |aCaOODSP|beng |
| 043 | |an-cn--- |
| 086 | 1 |aNE23-77/1998E |
| 110 | 1 |aCanada. |bNational Energy Board. |
| 245 | 10|aNon-associated natural gas resource assessment study, Saskatchewan |
| 260 | |aCalgary - Alberta : |bNational Energy Board |c1998. |
| 300 | |aiii, 14p. : |bfigs., references, tables ; |c28 cm. |
| 563 | |aSoftcover |
| 590 | |a99-04|b1999-01-29 |
| 690 | 07|aAssessment|2gcpds |
| 775 | 08|tÉtude d'évaluation des ressources en gaz naturel non associé en Saskatchewan |w(CaOODSP)9.680625 |
| 776 | 0#|tNon-associated natural gas resource assessment study, Saskatchewan |w(CaOODSP)9.695983 |